12 eylül tutanakları bin tanık (Record no. 10683)

MARC details
000 -BAŞLIK
Sabit Uzunlukta Kontrol Alanı 00698na a2200253 4500
001 - KONTROL NUMARASI
Denetim Alanı 19872
003 - KONTROL NUMARASI IDENTIFIER
Denetim Alanı MIRAKIL
005 - SON İŞLEM TARİHİ VE ZAMANI
Denetim Alanı 20181213155330.0
008 - SABİT-BOY VERİ ELEMANLARI - GENEL BİLGİLER
Sabit Uzunlukta Kontrol Alanı 180601b tu 000 0
035 ## - SİSTEM KONTROL NUMARASI
Sistem Kontrol Numarası 19872
040 ## - KATALOGLAMA KAYNAK
Orijinal Kataloglama Ajansı Milas
Kataloglama Dili tur
Metne Dönüştürmek Ajansı TR-AnCHP
041 ## - DİL KODU
Metin / Ses Parça Veya Ayrı Başlığın Dil Kodu tur
082 ## - DEWEY ONLU SINIFLANDIRMA NUMARASI
Sınıflandırma Numarası 321.09
Ürün Numarası T87o 1986
090 ## - SINIFLAMA NUMARASI
Sınıflama Numarası 321.09 T87o 1986
100 ## - ANA GİRİŞ - KİŞİSEL İSİM
Kişisel Ad Tuşalp, Erbil
245 ## - BAŞLIK TABLOSU
Başlık 12 eylül tutanakları bin tanık
Sorumluluk Tablosu, Vb Erbil Tuşalp
260 ## - YAYIN, DAĞITIM, VB
Yayın, Dağıtım, Vb Yeri [Ankara]
Yayıncı, Dağıtıcı, Vs Adı Dost Kitabevi Yayınları
Yayın, Dağıtım, Vb Tarihi 1986
300 ## - FİZİKSEL TANIM
Kapsam 607 s.
Boyutlar 20 sm.
440 ## - SERİSİ TABLOSU / KATMA GİRİŞİ - BAŞLIK
Başlık Dost Kitabevi Yayınları
Bir İşin Parçası / Bölüm Sayısı 30
490 ## - SERİSİ TABLOSU
Seri Beyanı Araştırma Dizisi
Hacim / Ardışık Tanımı 1
650 ## - KONU KATMA GİRİŞ - TOPİKAL DÖNEM
Topikal Süreli Veya Coğrafi Ad Giriş Elemanı Darbeler
Coğrafi Alt Bölümü 12 Eylül 1980
650 ## - KONU KATMA GİRİŞ - TOPİKAL DÖNEM
Topikal Süreli Veya Coğrafi Ad Giriş Elemanı 12 Eylül 1980
Coğrafi Alt Bölümü Türkiye
942 ## - EKLENDİ GİRİŞ ELEMANLARI (KOHA)
Sınıflandırma Veya Raf Düzeni Kaynak Dewey Decimal Classification
Koha Öğesi Türü Books
999 ## - SİSTEM KONTROL NUMARALARI (KOHA)
Koha Biblionumber 10683
Koha Biblioitemnumber 10683
Holdings
Kalıcı Konum Mevcut Konum Edinme Tarihi Edinim Kaynak Toplam Check-Out'Lar Tam Çağrı Numarası Barkod Tarih Son Görülme İtibaren Geçerli Fiyatlar Koha Öğesi Türü Sigara Kamu Notu
CHP Kütüphanesi CHP Kütüphanesi 12/28/2016 Bağış   321.09 T87o 1986 010872 12/28/2016 12/28/2016 Books  
Parti Okulu Kütüphanesi Parti Okulu Kütüphanesi 12/09/2021     321.09 T87o 1986 P00931 12/09/2021 12/09/2021 Books Emin Değer Bağışıdır.